[Event "CRO-ch U13 Girls"]
[Site "Trogir"]
[Date "2023.06.23"]
[Round "4"]
[White "Benic, Katarina"]
[Black "Nevistic, Rafaella"]
[Result "1-0"]
[WhiteElo "1600"]
[BlackElo "1086"]
[PlyCount "75"]
[EventDate "2023.06.21"]
[EventType "swiss"]
[EventRounds "9"]
[EventCountry "CRO"]
[SourceTitle "EXT 2024"]
[Source "ChessBase"]
[SourceDate "2023.10.10"]
[SourceVersion "1"]
[SourceVersionDate "2023.10.10"]
[SourceQuality "1"]

1. e4 e5 2. Nf3 Nc6 3. Nc3 Nf6 4. Bc4 Bb4 5. d3 0-0 6. 0-0 d6 7. Bg5 h6 8. Bd2 Be6 9. Bb5 a6 10. Bxc6 bxc6 11. a3 Ba5 12. h3 Rb8 13. b4 Bb6 14. Ne2 Re8 15. Ng3 Bd7 16. Nh4 d5 17. Re1 Qe7 18. Nhf5 Bxf5 19. Nxf5 Qd7 20. Bc3 d4 21. Bd2 c5 22. Qf3 Kh7 23. Qg3 Rg8 24. Qh4 h5 25. g4 Kh8 26. Kh2 Qd8 27. g5 Nh7 28. Rg1 g6 29. Nh6 Rf8 30. Qg3 Qe7 31. f4 exf4 32. Bxf4 Rbc8 33. bxc5 Qxc5 34. Be5+ f6 35. gxf6 Nxf6 36. Kh1 Qe7 37. Qxg6 Qxe5 38. Qg7# 1-0

[Event "CRO-ch U11"]
[Site "Trogir"]
[Date "2021.06.21"]
[Round "4"]
[White "Nevistic, Rafaella"]
[Black "Paulic, Franka"]
[Result "0-1"]
[WhiteElo "1610"]
[BlackElo "1706"]
[PlyCount "48"]
[EventDate "2021.06.19"]
[EventType "swiss"]
[EventRounds "9"]
[EventCountry "CRO"]
[SourceTitle "EXT 2022"]
[Source "ChessBase"]
[SourceDate "2021.10.06"]
[SourceVersion "1"]
[SourceVersionDate "2021.10.06"]
[SourceQuality "1"]

1. e4 e5 2. Nf3 Nc6 3. Nc3 d6 4. Bc4 Bg4 5. 0-0 Nd4 6. Be2 Nxe2+ 7. Qxe2 c6 8. Qe3 Nf6 9. Ng5 h6 10. Nf3 Be7 11. Nh4 Nh7 12. Nf5 Bxf5 13. exf5 Bg5 14. Qg3 Qd7 15. d3 Bxc1 16. Raxc1 Ng5 17. Qg4 g6 18. Qb4 gxf5 19. Ne2 0-0-0 20. Ng3 f4 21. Nh5 Qe6 22. h4 Qg4 23. Nf6 Nf3+ 24. Kh1 Qxh4# 0-1